000 00420nam a2200157Ia 4500
008 260417s2023 xx 000 0 und d
041 _aeng
082 _a612/WAN
_bDI-1283
100 _aNITU WANKHEDE
245 _aHUMAN ANATOMY AND PHYSIOLOGY
250 _a3RD ed
260 _aPUNE
_b2023
_bTECH KNOWLEDGE PUB.
300 _aP.B.15.21/4p
650 _aHUMAN ANATOMY AND PHYSIOLOGY
700 _aDR.AMAN UPAGANDWAR
999 _c1220594
_d1220594